Statistics for Flag Capital Quiz

Click here to take the quiz!

General Stats

  • This quiz has been taken 12 times
  • The average score is 14 of 15

Answer Stats

Answer% Correct
Washington
100%
London
100%
Canberra
100%
Wellington
100%
Ottawa
100%
Moscow
100%
Amsterdam
100%
Rome
100%
Dublin
100%
Paris
91%
Budapest
91%
Tokyo
91%
Helsinki
91%
Sofia
73%
Yamoussoukro
45%

Score Distribution

Percentile by Number Answered

Percent of People with Each Score

Your Score History

You have not taken this quiz